Rôles Gilles Lellouche - Statistiques

Statistiques générales
  • Ce quiz a été pris 31 fois
  • Le résultat moyen est 7 sur 20
Statistiques - réponses
Par images Réponse % Correct
Bac Nord
94%
Astérix et Obélix : l'Empire du Milieu
87%
Les Petits Mouchoirs
77%
Les Infidèles
68%
La French
58%
Fumer Fait Tousser
55%
Le Sens de la Fête
55%
Je Verrai Toujours Vos Visages
52%
Pupille
45%
Goliath
26%
Sous le Même Toit
26%
Jusqu'ici Tout Va Bien
19%
Kompromat
16%
Adieu Monsieur Haffman
13%
Les Aventures extraordinaires d'Adèle Blanc-Sec
6%
Rock n Roll
6%
Soudain Seuls
6%
A Bout Portant
3%
Mea Culpa
3%
Ne le Dit à Personne
3%
Aucun quiz correspondant
Distribution des résultats
% des personnes avec chaque résultat
Percentile par nombre de réponses
Votre historique - résultats
Vous n’avez pas pris ce quiz